[Event "Sardinia World op-A"]
[Site "Orosei"]
[Date "2024.05.04"]
[Round "9"]
[White "Kalosha, Zhiulien Oleksii"]
[Black "Lo Presti, Giulio"]
[Result "0-1"]
[WhiteElo "2306"]
[BlackElo "2090"]
[PlyCount "60"]
[EventDate "2024.04.27"]
[EventType "swiss"]
[EventRounds "9"]
[EventCountry "ITA"]
[SourceTitle "CB19_2024"]
[SourceDate "2024.05.08"]
[SourceVersion "1"]
[SourceVersionDate "2024.05.08"]
[SourceQuality "1"]

1. e4 c5 2. Nf3 d6 3. d4 cxd4 4. Nxd4 Nf6 5. Nc3 a6 6. f3 e5 7. Nb3 Be6 8. Be3 Be7 9. Qd2 Nbd7 10. 0-0-0 0-0 11. g4 b5 12. g5 b4 13. Ne2 Nh5 14. Ng3 a5 15. Nxh5 a4 16. Nd4 exd4 17. Bxd4 b3 18. cxb3 axb3 19. a3 Rc8+ 20. Bc3 g6 21. Ng3 Bxg5 22. f4 Bf6 23. e5 dxe5 24. Ne4 Bg7 25. Bb5 Nf6 26. Nd6 Rc5 27. fxe5 Nd5 28. Nb7 Qh4 29. Qe2 Bh6+ 30. Kb1 Rxc3 0-1

[Event "Treviso Master op 4th"]
[Site "Treviso"]
[Date "2023.04.01"]
[Round "3"]
[White "Seresin, Francesco"]
[Black "Kalosha, Zhiulien Oleksii"]
[Result "0-1"]
[WhiteElo "2348"]
[BlackElo "2196"]
[PlyCount "92"]
[EventDate "2023.03.31"]
[EventType "swiss"]
[EventRounds "5"]
[EventCountry "ITA"]
[SourceTitle "EXT 2024"]
[Source "ChessBase"]
[SourceDate "2023.10.10"]
[SourceVersion "1"]
[SourceVersionDate "2023.10.10"]
[SourceQuality "1"]

1. d4 d5 2. c4 e6 3. Nf3 c6 4. Nc3 dxc4 5. e4 b5 6. Be2 Bb7 7. 0-0 Nf6 8. Qc2 a6 9. Bg5 h6 10. Bh4 Be7 11. e5 Nd5 12. Bxe7 Qxe7 13. Ne4 0-0 14. b3 cxb3 15. axb3 a5 16. Qd2 b4 17. Ra2 Rd8 18. Rfa1 c5 19. Nxc5 Nc3 20. Nxb7 Qxb7 21. Rxa5 Rxa5 22. Rxa5 Nc6 23. Ra1 Nxd4 24. Nxd4 Rxd4 25. Qc2 g6 26. Bf3 Qd7 27. Rf1 Rd2 28. Qc1 Kg7 29. h3 Qd4 30. h4 h5 31. Qe1 Ra2 32. g3 Qd2 33. Qxd2 Rxd2 34. Ra1 Rb2 35. Bd1 Nxd1 36. Rxd1 Rxb3 37. Rd4 Rb1+ 38. Kg2 Kf8 39. Kf3 b3 40. Rd3 Ke7 41. Kf4 f6 42. exf6+ Kxf6 43. Re3 Rb2 44. f3 Rb1 45. Rd3 b2 46. Rb3 e5+ 0-1

[Event "Bassano del Grappa Vergani Cup"]
[Site "Bassano del Grappa"]
[Date "2023.02.02"]
[Round "3"]
[White "Mazzi, Leonardo"]
[Black "Kalosha, Zhiulien Oleksii"]
[Result "0-1"]
[WhiteElo "1814"]
[BlackElo "2170"]
[PlyCount "82"]
[EventDate "2023.02.01"]
[EventType "swiss"]
[EventRounds "9"]
[EventCountry "ITA"]
[SourceTitle "CBM 212 Extra"]
[Source "ChessBase"]
[SourceDate "2023.03.31"]
[SourceVersion "1"]
[SourceVersionDate "2023.03.31"]
[SourceQuality "1"]

1. e4 e5 2. Nf3 Nc6 3. Bc4 Nf6 4. d3 Bc5 5. c3 0-0 6. Nbd2 a6 7. a4 Ba7 8. 0-0 d5 9. exd5 Nxd5 10. Re1 Bg4 11. h3 Bh5 12. Ne4 Kh8 13. Ng3 Bxf3 14. Qxf3 Nde7 15. Nh5 Ng6 16. b3 Bc5 17. Bd5 f5 18. Bxc6 bxc6 19. Qxc6 Bxf2+ 20. Kxf2 Qh4+ 21. Kf1 Qxh5 22. Qxc7 Rac8 23. Qa5 f4 24. Ra2 f3 25. Kg1 fxg2 26. Rxg2 Nh4 27. Qxa6 Nxg2 28. Rf1 Rxf1+ 29. Kxf1 Rf8+ 30. Kxg2 Qe2+ 31. Kg3 Qf2+ 32. Kg4 Qg2+ 33. Kh4 Qf2+ 34. Kg4 Qf3+ 35. Kh4 Rf4+ 36. Bxf4 Qxf4+ 37. Kh5 g6+ 38. Qxg6 hxg6+ 39. Kxg6 Qf3 40. b4 Qxd3+ 41. Kf6 Qxc3 0-1

[Event "Palmanova op 11th"]
[Site "Palmanova"]
[Date "2022.12.08"]
[Round "1"]
[White "Kalosha, Zhiulien Oleksii"]
[Black "Ceschia, Ivano"]
[Result "0-1"]
[WhiteElo "2011"]
[BlackElo "2228"]
[PlyCount "70"]
[EventDate "2022.12.08"]
[EventType "swiss"]
[EventRounds "6"]
[EventCountry "ITA"]
[SourceTitle "CBM 211 Extra"]
[Source "ChessBase"]
[SourceDate "2023.01.31"]
[SourceVersion "1"]
[SourceVersionDate "2023.01.31"]
[SourceQuality "1"]

1. e4 c5 2. Nf3 Nc6 3. d4 cxd4 4. Nxd4 Qb6 5. Nb3 Nf6 6. Nc3 e6 7. Be3 Qc7 8. a3 a6 9. Be2 d6 10. 0-0 Bd7 11. f4 Be7 12. Bf3 Na5 13. Nxa5 Qxa5 14. Qe1 Bc6 15. Qf2 Nd7 16. Rad1 Rc8 17. g4 Qc7 18. g5 0-0 19. Bg4 Nc5 20. Bf3 f5 21. gxf6 Bxf6 22. Qg2 Na4 23. Bg4 Rce8 24. Nxa4 Bxa4 25. b3 Bc6 26. Bf3 b5 27. Kh1 Bb2 28. Bc1 Bxc1 29. Rxc1 Rxf4 30. Rce1 Ref8 31. Qh3 Qf7 32. Bg2 Qg6 33. Rxf4 Rxf4 34. Qc3 Rf2 35. Rg1 Qxg2+ 0-1

[Event "Kharkov Advanced vs Experienced"]
[Site "Kharkov"]
[Date "2021.12.28"]
[Round "8"]
[White "Kushko, Dmitriy"]
[Black "Kalosha, Zhiulien Oleksii"]
[Result "1-0"]
[WhiteElo "2289"]
[BlackElo "2149"]
[PlyCount "65"]
[EventDate "2021.12.21"]
[EventType "schev"]
[EventRounds "8"]
[EventCountry "UKR"]
[SourceTitle "CBM 206 Extra"]
[Source "ChessBase"]
[SourceDate "2022.03.31"]
[SourceVersion "1"]
[SourceVersionDate "2022.03.31"]
[SourceQuality "1"]

1. Nf3 d5 2. g3 Nc6 3. d4 Bg4 4. Bg2 Qd7 5. 0-0 0-0-0 6. Ne5 Nxe5 7. dxe5 e6 8. c4 d4 9. Qb3 c6 10. e3 Bc5 11. exd4 Bxd4 12. Nd2 Bxe5 13. Re1 Bd4 14. Qa4 Nf6 15. Nb3 Bd1 16. Be3 Bxb3 17. axb3 Bxe3 18. fxe3 a6 19. b4 Qd3 20. Bxc6 Qd6 21. Bg2 Nd7 22. c5 Qd3 23. Bf1 Qe4 24. c6 Ne5 25. cxb7+ Kb8 26. Bg2 Nf3+ 27. Kh1 Rd2 28. Qxa6 Rxg2 29. Qd6+ Kxb7 30. Ra7+ Kxa7 31. Qc7+ Ka6 32. Ra1+ Kb5 33. Qc5# 1-0

[Event "Kharkov Advanced vs Experienced"]
[Site "Kharkov"]
[Date "2021.12.26"]
[Round "6"]
[White "Kalosha, Zhiulien Oleksii"]
[Black "Alexikov, Alexander"]
[Result "1-0"]
[WhiteElo "2149"]
[BlackElo "2248"]
[PlyCount "33"]
[EventDate "2021.12.21"]
[EventType "schev"]
[EventRounds "8"]
[EventCountry "UKR"]
[SourceTitle "CBM 206 Extra"]
[Source "ChessBase"]
[SourceDate "2022.03.31"]
[SourceVersion "1"]
[SourceVersionDate "2022.03.31"]
[SourceQuality "1"]

1. d4 Nf6 2. c4 g6 3. Nc3 Bg7 4. e4 d6 5. f3 0-0 6. Be3 b6 7. Qd2 c5 8. Nge2 Nc6 9. d5 Ne5 10. Ng3 h5 11. Be2 a6 12. a4 e6 13. Bg5 exd5 14. Nxd5 Bb7 15. f4 Nc6 16. 0-0 Rb8 17. e5 1-0

[Event "UKR-ch Rapid"]
[Site "Omelnyk"]
[Date "2021.10.02"]
[Round "8"]
[White "Mitusov, Semen"]
[Black "Kalosha, Zhiulien Oleksii"]
[Result "1-0"]
[WhiteElo "2297"]
[BlackElo "2193"]
[PlyCount "57"]
[EventDate "2021.10.01"]
[EventType "swiss (rapid)"]
[EventRounds "9"]
[EventCountry "UKR"]
[SourceTitle "CBM 204 Extra"]
[Source "ChessBase"]
[SourceDate "2021.11.30"]
[SourceVersion "1"]
[SourceVersionDate "2021.11.30"]
[SourceQuality "1"]

1. e4 e5 2. Nf3 Nc6 3. Nc3 Nf6 4. a3 d5 5. Bb5 dxe4 6. Nxe5 Qd6 7. d4 a6 8. Bxc6+ bxc6 9. Bf4 Qe6 10. 0-0 Bd6 11. Re1 Qf5 12. Bg3 c5 13. Nc4 Bxg3 14. hxg3 0-0 15. Ne3 Qg5 16. dxc5 Qxc5 17. Qe2 Be6 18. Rad1 a5 19. Rd2 Rad8 20. Red1 Rxd2 21. Qxd2 h6 22. Qd4 Qc6 23. Qe5 Rb8 24. Ne2 Rb5 25. Rd8+ Kh7 26. Qd4 Rc5 27. Nf4 Rb5 28. Rf8 Qb6 29. Qd8 1-0

[Event "UKR-ch sf"]
[Site "Omelnyk"]
[Date "2021.09.27"]
[Round "6"]
[White "Sivuk, Vitaly"]
[Black "Kalosha, Zhiulien Oleksii"]
[Result "1-0"]
[WhiteElo "2552"]
[BlackElo "2193"]
[PlyCount "63"]
[EventDate "2021.09.22"]
[EventType "swiss"]
[EventRounds "9"]
[EventCountry "UKR"]
[SourceTitle "CBM 204 Extra"]
[Source "ChessBase"]
[SourceDate "2021.11.30"]
[SourceVersion "1"]
[SourceVersionDate "2021.11.30"]
[SourceQuality "1"]

1. d4 Nf6 2. c4 c5 3. d5 e6 4. Nf3 exd5 5. cxd5 d6 6. e4 g6 7. h3 Bg7 8. Bd3 0-0 9. 0-0 c4 10. Bc2 b5 11. Nd4 Bd7 12. Be3 Re8 13. Nd2 Qc7 14. a4 b4 15. Rc1 c3 16. bxc3 bxc3 17. Bd3 Rc8 18. Qb3 Ne8 19. Nb1 Qb6 20. Qxb6 axb6 21. Nxc3 Na6 22. Nc6 Bxc6 23. dxc6 Nc5 24. Bxc5 bxc5 25. Nd5 Ra7 26. Rb1 Kf8 27. Rb7 Ra5 28. Bb5 c4 29. Nb6 Rc7 30. Nxc4 Ra7 31. Rb8 Ke7 32. Nb6 1-0

[Event "UKR-ch sf"]
[Site "Omelnyk"]
[Date "2021.09.25"]
[Round "4"]
[White "Solovchuk, Alexey"]
[Black "Kalosha, Zhiulien Oleksii"]
[Result "1/2-1/2"]
[WhiteElo "2321"]
[BlackElo "2193"]
[PlyCount "47"]
[EventDate "2021.09.22"]
[EventType "swiss"]
[EventRounds "9"]
[EventCountry "UKR"]
[SourceTitle "CBM 204 Extra"]
[Source "ChessBase"]
[SourceDate "2021.11.30"]
[SourceVersion "1"]
[SourceVersionDate "2021.11.30"]
[SourceQuality "1"]

1. d4 Nf6 2. Nf3 c5 3. e3 g6 4. c3 d5 5. dxc5 Nbd7 6. b4 Bg7 7. Nbd2 a5 8. Bb2 e5 9. a3 0-0 10. c4 e4 11. Nd4 axb4 12. axb4 Rxa1 13. Bxa1 Re8 14. Be2 Ne5 15. h3 Nd3+ 16. Bxd3 exd3 17. 0-0 Ne4 18. Nxe4 dxe4 19. Nb5 Qg5 20. Kh1 Qh4 21. Kh2 Be5+ 22. Bxe5 Rxe5 23. Qa1 Rg5 24. Qa8 1/2-1/2

[Event "Kiev Independence Cup IM"]
[Site "Kiev"]
[Date "2021.09.05"]
[Round "3"]
[White "Roshka, Yevgeniy"]
[Black "Kalosha, Zhiulien Oleksii"]
[Result "1-0"]
[WhiteElo "2476"]
[BlackElo "2152"]
[PlyCount "141"]
[EventDate "2021.09.03"]
[EventType "tourn"]
[EventRounds "9"]
[EventCountry "UKR"]
[EventCategory "1"]
[SourceTitle "CBM 204 Extra"]
[Source "ChessBase"]
[SourceDate "2021.11.30"]
[SourceVersion "1"]
[SourceVersionDate "2021.11.30"]
[SourceQuality "1"]

1. c4 e5 2. g3 Nf6 3. Bg2 Nc6 4. Nc3 Bc5 5. e3 a6 6. Nge2 d6 7. d4 Bb6 8. 0-0 0-0 9. b3 Bf5 10. h3 Re8 11. g4 Bg6 12. dxe5 dxe5 13. Ba3 Qxd1 14. Raxd1 Rad8 15. g5 Nd7 16. Nd5 Bh5 17. Rd2 Ba5 18. Rb2 Bxe2 19. Rxe2 Nb6 20. Rc1 Nxd5 21. cxd5 Ne7 22. d6 cxd6 23. Bxb7 Bb6 24. Bxa6 Ra8 25. Bb5 Red8 26. Ba4 Nf5 27. Rc6 Ba5 28. Bb2 f6 29. gxf6 gxf6 30. Bb5 Ne7 31. Ra6 Rxa6 32. Bxa6 d5 33. a3 Nf5 34. b4 Bb6 35. Bd3 e4 36. Bc2 Kf7 37. Kf1 Nh4 38. Bd1 d4 39. exd4 Nf3 40. Re3 Bxd4 41. Bxd4 Nd2+ 42. Ke1 Rxd4 43. b5 Nc4 44. Bb3 Ke7 45. Bxc4 Rxc4 46. Kd2 f5 47. Rc3 Rd4+ 48. Ke3 Rd1 49. Kf4 Ke6 50. Rb3 Kd7 51. Kxf5 Rd3 52. Rb2 Rxa3 53. Kxe4 Rxh3 54. b6 Kc8 55. b7+ Kb8 56. f4 Rh1 57. f5 Re1+ 58. Kd5 h5 59. f6 Rf1 60. Ke6 Re1+ 61. Kd6 Rd1+ 62. Ke7 Re1+ 63. Kf8 h4 64. f7 h3 65. Rf2 Kxb7 66. Kg8 Rg1+ 67. Kh8 h2 68. Rxh2 Rf1 69. Rh7 Kc8 70. Kg8 Rg1+ 71. Rg7 1-0

[Event "Kiev Independence Cup IM"]
[Site "Kiev"]
[Date "2021.09.04"]
[Round "2"]
[White "Kalosha, Zhiulien Oleksii"]
[Black "Toktomushev, Teimur"]
[Result "1/2-1/2"]
[WhiteElo "2152"]
[BlackElo "1988"]
[PlyCount "78"]
[EventDate "2021.09.03"]
[EventType "tourn"]
[EventRounds "9"]
[EventCountry "UKR"]
[EventCategory "1"]
[SourceTitle "CBM 204 Extra"]
[Source "ChessBase"]
[SourceDate "2021.11.30"]
[SourceVersion "1"]
[SourceVersionDate "2021.11.30"]
[SourceQuality "1"]

1. e4 c5 2. Nf3 e6 3. d4 cxd4 4. Nxd4 Nf6 5. Nc3 Nc6 6. Nxc6 bxc6 7. e5 Nd5 8. Ne4 Qc7 9. f4 Qb6 10. c4 Bb4+ 11. Ke2 f5 12. exf6 Nxf6 13. Be3 Qd8 14. Nd6+ Bxd6 15. Qxd6 Bb7 16. Rd1 Rc8 17. Qc5 Qb6 18. b4 Qc7 19. Qxa7 Ra8 20. Qb6 Rxa2+ 21. Rd2 Rxd2+ 22. Kxd2 Ne4+ 23. Kc2 Qxb6 24. Bxb6 c5 25. Be2 cxb4 26. Ra1 0-0 27. g3 Bc6 28. Bd3 g5 29. fxg5 Rf3 30. Bxe4 Bxe4+ 31. Kb2 Rd3 32. Re1 Rd2+ 33. Kb3 Bc6 34. h4 Rd3+ 35. Kxb4 Rxg3 36. Rd1 Rg4 37. Rd4 Rxd4 38. Bxd4 Kf7 39. Kc5 Kg6 1/2-1/2

[Event "Kharkov Young-Experienced"]
[Site "Kharkov"]
[Date "2021.08.19"]
[Round "7"]
[White "Neverov, Valeriy"]
[Black "Kalosha, Zhiulien Oleksii"]
[Result "1-0"]
[WhiteElo "2433"]
[BlackElo "2152"]
[PlyCount "77"]
[EventDate "2021.08.13"]
[EventType "schev"]
[EventRounds "8"]
[EventCountry "UKR"]
[SourceTitle "EXT 2023"]
[Source "ChessBase"]
[SourceDate "2022.10.05"]
[SourceVersion "1"]
[SourceVersionDate "2022.10.05"]
[SourceQuality "1"]

1. d4 Nf6 2. c4 c5 3. d5 e6 4. Nc3 exd5 5. cxd5 d6 6. Bg5 Nbd7 7. e4 g6 8. f3 a6 9. a4 Bg7 10. Nh3 0-0 11. Nf2 h6 12. Be3 Rb8 13. Qd2 Kh7 14. Be2 Qc7 15. 0-0 c4 16. Rfc1 Ne5 17. a5 g5 18. Na4 Nh5 19. Nb6 Nf4 20. Nxc4 Qe7 21. Nxe5 Bxe5 22. Nd3 Nxe2+ 23. Qxe2 Bg7 24. Ba7 Ra8 25. Bb6 Bd7 26. Rc7 Rab8 27. Rac1 Rfc8 28. Qe3 Qe8 29. h4 gxh4 30. Bd4 Rxc7 31. Rxc7 Bxd4 32. Qxd4 Qd8 33. Qb6 h3 34. Qxd6 Qg5 35. Nf4 Qg3 36. Qxd7 h2+ 37. Kh1 Qe1+ 38. Kxh2 Qh4+ 39. Nh3 1-0

[Event "Kharkov Young-Experienced"]
[Site "Kharkov"]
[Date "2021.08.15"]
[Round "3"]
[White "Kalosha, Zhiulien Oleksii"]
[Black "Neverov, Valeriy"]
[Result "0-1"]
[WhiteElo "2152"]
[BlackElo "2433"]
[PlyCount "96"]
[EventDate "2021.08.13"]
[EventType "schev"]
[EventRounds "8"]
[EventCountry "UKR"]
[SourceTitle "EXT 2023"]
[Source "ChessBase"]
[SourceDate "2022.10.05"]
[SourceVersion "1"]
[SourceVersionDate "2022.10.05"]
[SourceQuality "1"]

1. e4 c5 2. Nf3 d6 3. d4 cxd4 4. Nxd4 Nf6 5. Nc3 Nc6 6. f3 e5 7. Nb3 Be7 8. Be3 Be6 9. Nd5 0-0 10. c4 a5 11. Be2 a4 12. Nc1 Nd7 13. 0-0 Bg5 14. Bf2 Nc5 15. Nd3 b6 16. N3b4 Nxb4 17. Nxb4 Kh8 18. Nd5 Ra7 19. Qc2 f5 20. Bxc5 bxc5 21. exf5 Bxf5 22. Bd3 g6 23. Be4 Be6 24. Rad1 Bxd5 25. Bxd5 Be3+ 26. Kh1 Qh4 27. g3 Qh3 28. Rfe1 Bd4 29. Rd3 Rb8 30. b3 Ra6 31. Rb1 Rab6 32. Qg2 Qxg2+ 33. Kxg2 Ra6 34. a3 Rab6 35. b4 cxb4 36. axb4 Rxb4 37. Rxb4 Rxb4 38. f4 Kg7 39. fxe5 Bxe5 40. Rf3 Rb2+ 41. Kh3 h5 42. Ra3 g5 43. Be6 g4+ 44. Bxg4 hxg4+ 45. Kxg4 Rb4 46. Kf5 Rxc4 47. h4 Bb2 48. Re3 Rc5+ 0-1

[Event "Kharkov Young-Experienced"]
[Site "Kharkov"]
[Date "2021.08.13"]
[Round "1"]
[White "Kalosha, Zhiulien Oleksii"]
[Black "Avanesov, Nikolay"]
[Result "1/2-1/2"]
[WhiteElo "2152"]
[BlackElo "2179"]
[PlyCount "42"]
[EventDate "2021.08.13"]
[EventType "schev"]
[EventRounds "8"]
[EventCountry "UKR"]
[SourceTitle "EXT 2023"]
[Source "ChessBase"]
[SourceDate "2022.10.05"]
[SourceVersion "1"]
[SourceVersionDate "2022.10.05"]
[SourceQuality "1"]

1. e4 e6 2. d4 c5 3. Nf3 cxd4 4. Nxd4 a6 5. Nc3 Qc7 6. Qf3 Nc6 7. Be3 Bb4 8. Nxc6 Qxc6 9. Bd4 f6 10. Qg4 Kf7 11. 0-0-0 d6 12. Qf3 Ne7 13. Ne2 Bd7 14. Bc3 Bxc3 15. Nxc3 Rhd8 16. Qg3 e5 17. f4 exf4 18. Qxf4 Be6 19. Be2 Rac8 20. Rhf1 b5 21. a3 Qc5 1/2-1/2

[Event "Kharkov Young Talents"]
[Site "Kharkov"]
[Date "2021.06.22"]
[Round "1"]
[White "Biriukov, Nikolai"]
[Black "Kalosha, Zhiulien Oleksii"]
[Result "0-1"]
[WhiteElo "2364"]
[BlackElo "1978"]
[PlyCount "69"]
[EventDate "2021.06.22"]
[EventType "tourn"]
[EventRounds "11"]
[EventCountry "UKR"]
[SourceTitle "EXT 2022"]
[Source "ChessBase"]
[SourceDate "2021.10.06"]
[SourceVersion "1"]
[SourceVersionDate "2021.10.06"]
[SourceQuality "1"]

1. d4 Nf6 2. c4 c5 3. d5 e6 4. Nc3 exd5 5. cxd5 d6 6. e4 g6 7. f4 Bg7 8. Nf3 0-0 9. Be2 Bg4 10. 0-0 Nbd7 11. h3 Bxf3 12. Bxf3 a6 13. Re1 Re8 14. Be3 b5 15. Bf2 b4 16. Na4 h6 17. Rc1 g5 18. g3 Rb8 19. b3 Nh7 20. Bg4 gxf4 21. gxf4 Kh8 22. Qf3 Rg8 23. Kh1 Nhf8 24. Rg1 Ng6 25. Rc2 Bf6 26. Bf5 Qe7 27. Rg4 Rg7 28. Nb2 Rbg8 29. Nc4 Bh4 30. Be3 Nf6 31. Rg1 Nf8 32. Rcg2 Rxg2 33. Rxg2 Rxg2 34. Qxg2 Nh5 35. Qb2+ 0-1

[Event "EU-ch U14"]
[Site "Bratislava"]
[Date "2019.08.09"]
[Round "8"]
[White "Fule, Simon"]
[Black "Kalosha, Zhiulien Oleksii"]
[Result "1/2-1/2"]
[WhiteElo "2184"]
[BlackElo "1936"]
[PlyCount "46"]
[EventDate "2019.08.02"]
[EventType "swiss"]
[EventRounds "9"]
[EventCountry "SVK"]
[SourceTitle "EXT 2020"]
[Source "ChessBase"]
[SourceDate "2019.10.17"]
[SourceVersion "1"]
[SourceVersionDate "2019.10.17"]
[SourceQuality "1"]

1. e4 e5 2. Nf3 Nc6 3. Bb5 f5 4. d3 fxe4 5. dxe4 Nf6 6. 0-0 Bc5 7. Qd3 d6 8. a3 0-0 9. b4 Bb6 10. Bc4+ Kh8 11. Nc3 Bg4 12. Ng5 Qe8 13. h3 Bd7 14. Be3 Bxe3 15. Qxe3 Nd4 16. Rac1 h6 17. Nf3 Nxf3+ 18. Qxf3 Nh5 19. Qe3 Qg6 20. Ne2 Rf6 21. Kh2 Raf8 22. f3 a6 23. g3 b5 1/2-1/2

[Event "EU-ch U14"]
[Site "Bratislava"]
[Date "2019.08.04"]
[Round "3"]
[White "Kalosha, Zhiulien Oleksii"]
[Black "Guz, Ari"]
[Result "0-1"]
[WhiteElo "1936"]
[BlackElo "2162"]
[PlyCount "88"]
[EventDate "2019.08.02"]
[EventType "swiss"]
[EventRounds "9"]
[EventCountry "SVK"]
[SourceTitle "EXT 2020"]
[Source "ChessBase"]
[SourceDate "2019.10.17"]
[SourceVersion "1"]
[SourceVersionDate "2019.10.17"]
[SourceQuality "1"]

1. e4 c5 2. Nf3 e6 3. d4 cxd4 4. Nxd4 a6 5. Nc3 Qc7 6. Bd3 Bc5 7. Be3 Nf6 8. 0-0 b5 9. a3 0-0 10. Kh1 d6 11. Re1 Qa7 12. Nb3 Bxe3 13. Rxe3 Nc6 14. Qe2 Ne5 15. h3 Ng6 16. Qd2 Bb7 17. Na5 d5 18. exd5 Nxd5 19. Rg3 Nxc3 20. Qxc3 Bd5 21. Rf1 Rac8 22. Qd2 Qc7 23. b4 Nf4 24. Qe3 f5 25. Rc1 Nxd3 26. Qxd3 Rfd8 27. Qf1 e5 28. Rg5 g6 29. h4 Kf7 30. h5 Kf6 31. Rg3 g5 32. Qe2 Bc4 33. Nxc4 Qxc4 34. Qe1 Rd4 35. Kg1 Qd5 36. Rh3 e4 37. a4 Rd2 38. axb5 axb5 39. c3 Rd8 40. Qe3 Qe5 41. g3 Qc7 42. h6 R8d3 43. Qe1 Qd6 44. Kg2 e3 0-1

[Event "Krakow op-B 29th"]
[Site "Krakow"]
[Date "2019.01.04"]
[Round "9"]
[White "Kalosha, Zhiulien Oleksii"]
[Black "Manko, Mariya"]
[Result "1-0"]
[WhiteElo "1795"]
[BlackElo "1814"]
[PlyCount "113"]
[EventDate "2018.12.27"]
[EventType "swiss"]
[EventRounds "9"]
[EventCountry "POL"]
[SourceTitle "CBM 189 Extra"]
[Source "ChessBase"]
[SourceDate "2019.06.03"]
[SourceVersion "1"]
[SourceVersionDate "2019.06.03"]
[SourceQuality "1"]

1. e4 g6 2. d4 Bg7 3. Nc3 d6 4. Be3 a6 5. f3 b5 6. Qd2 Bb7 7. g4 h6 8. h4 Nd7 9. 0-0-0 c6 10. Kb1 Qc7 11. Nh3 0-0-0 12. Rg1 e6 13. Ne2 Ne7 14. Ng3 c5 15. c3 Kb8 16. Be2 Ka8 17. Bf2 Kb8 18. Rc1 d5 19. e5 c4 20. h5 Qb6 21. Be3 g5 22. f4 gxf4 23. Bxf4 Ka8 24. g5 hxg5 25. Bxg5 f6 26. exf6 Bxf6 27. Bxf6 Nxf6 28. Qg5 Rdf8 29. Rcf1 Rhg8 30. Rxf6 Rxg5 31. Rxf8+ Ka7 32. Nxg5 e5 33. Nf3 exd4 34. cxd4 Qh6 35. Rf7 Qe6 36. Rf8 Qh6 37. Re8 Qf6 38. Ka1 Bc6 39. Rd8 Kb7 40. Ne5 Kc7 41. Nxc6 Kxc6 42. Rf1 Qg5 43. Rdf8 Qxg3 44. R8f6+ Kd7 45. h6 Qh4 46. Rxa6 Nc6 47. a3 Qxh6 48. Rf7+ Ke8 49. Rc7 Qh1+ 50. Ka2 Nd8 51. Rg6 Kf8 52. Rf6+ Ke8 53. Rf5 Ne6 54. Rh5 Qe4 55. Rh8+ Nf8 56. Bh5+ Kd8 57. Rf7 1-0

[Event "Krakow op-B 29th"]
[Site "Krakow"]
[Date "2018.12.29"]
[Round "4"]
[White "Krawczyk, Flawian"]
[Black "Kalosha, Zhiulien Oleksii"]
[Result "1-0"]
[WhiteElo "1641"]
[BlackElo "1795"]
[PlyCount "51"]
[EventDate "2018.12.27"]
[EventType "swiss"]
[EventRounds "9"]
[EventCountry "POL"]
[SourceTitle "CBM 189 Extra"]
[Source "ChessBase"]
[SourceDate "2019.06.03"]
[SourceVersion "1"]
[SourceVersionDate "2019.06.03"]
[SourceQuality "1"]

1. e4 e5 2. Nf3 Nc6 3. Bb5 a6 4. Ba4 Nf6 5. d4 b5 6. Bb3 Nxd4 7. Nxd4 exd4 8. e5 Bb4+ 9. c3 dxc3 10. bxc3 0-0 11. cxb4 Qe7 12. Bb2 d6 13. 0-0 dxe5 14. Re1 Rd8 15. Qf3 Bg4 16. Qe3 Qxb4 17. h3 Bf5 18. Bc3 Qh4 19. Nd2 Rd3 20. Nf3 Qh5 21. Qxe5 c5 22. Bd1 Rd5 23. Qf4 Nd7 24. Nh4 Rxd1 25. Raxd1 Be6 26. Nf3 1-0